Advanced economic theory (Record no. 3482)

000 -LEADER
fixed length control field 00469nam a22002057a 4500
001 - CONTROL NUMBER
control field 3482
003 - CONTROL NUMBER IDENTIFIER
control field BD-DhUET
008 - FIXED-LENGTH DATA ELEMENTS--GENERAL INFORMATION
fixed length control field 0
020 ## - INTERNATIONAL STANDARD BOOK NUMBER
International Standard Book Number 8121902606
040 ## - CATALOGING SOURCE
Transcribing agency 0
Modifying agency BD-DhUET
082 ## - DEWEY DECIMAL CLASSIFICATION NUMBER
Classification number 330.1
Item number AHU/1998
100 ## - MAIN ENTRY--PERSONAL NAME
Personal name Ahuja,H. L.
245 ## - TITLE STATEMENT
Title Advanced economic theory
Remainder of title macroeconomic analysis
250 ## - EDITION STATEMENT
Edition statement 1st ed.
260 ## - PUBLICATION, DISTRIBUTION, ETC. (IMPRINT)
Place of publication, distribution, etc. Dhaka
Name of publisher, distributor, etc. S.Chand
Date of publication, distribution, etc. 1970
300 ## - PHYSICAL DESCRIPTION
Extent 1053p.
504 ## - BIBLIOGRAPHY, ETC. NOTE
Bibliography, etc Includes bibliographies
650 #0 - SUBJECT ADDED ENTRY--TOPICAL TERM
Topical term or geographic name as entry element Microeconomics analysis
942 ## - ADDED ENTRY ELEMENTS (KOHA)
Koha item type General Book
Holdings
Not for loan Source of classification or shelving scheme Koha item type Lost status Sublocation or collection (holding branch) Koha full call number Koha date last seen Location (home branch) Withdrawn status Copy number Koha normalized classification for sorting Price effective from Shelving location Piece designation (barcode) Damaged status Date acquired
  General Book Central Library, BUET330.1/AHU/19982014-11-01Central Library, BUET 1330_000000000000000_1AHU19982014-11-01Circulation section93665 2014-11-01
  General Book Central Library, BUET330.1/AHU/19982017-05-06Central Library, BUET 2330_000000000000000_1AHU19982014-11-01Circulation section93667 2014-11-01
  General Book Central Library, BUET330.1/AHU/19982014-11-01Central Library, BUET 3330_000000000000000_1AHU19982014-11-01Circulation section93671 2014-11-01
  General Book Central Library, BUET330.1/AHU/19982015-06-10Central Library, BUET 4330_100000000000000_AHU_19982015-06-10Reading section93664 2015-06-10